000 00642nab a2200181 4500
001 244442
003 OSt
005 20240618131341.0
007 tu
008 200917s2020|||||||
040 _aDE-2950
_cDE-2950
245 0 0 _aFenster in die Vergangenheit sorgt für Staunen
_bVerwaltung. Das Foyer in Frankfurts saniertem Rathaus beherbergt ein besonderes Highlight. Hinter einer Glasplatte im Boden wird Geschichte sichtbar/
_cThomas Gutke
264 _c2024
653 _aFrankfurt (Oder)
653 _aRathaussanierung
773 0 _g35. Jahrgang (2024) Nr. 123 vom 29.05.2024, S. 13 mit Foto
_tMärkische Oderzeitung
942 _2z
_cA
999 _c373187
_d373187